Promover una recuperación centrada en el empleo /
সংরক্ষণ করুন:
| প্রধান লেখক: | |
|---|---|
| বিন্যাস: | পাঠ্য |
| ট্যাগগুলো: |
ট্যাগ যুক্ত করুন
কোনো ট্যাগ নেই, প্রথমজন হিসাবে ট্যাগ করুন!
|
MARC
| LEADER | 00000 a a2200000 04500 | ||
|---|---|---|---|
| 001 | 43942 | ||
| 003 | |||
| 040 | |||
| 100 | |a Somavia, Juan | ||
| 245 | |a Promover una recuperación centrada en el empleo / |c Juan Somavia | ||
| 773 | |g número70 ( , 2010), páginas 8-11 | ||
| 999 | |c 28364 |d 28364 | ||
| 773 | 0 | |0 42296 |9 3092 |a Organización Internacional del Trabajo (OIT) |d Ginebra, Suiza: Departamento de Comunicación de la OIT, 1995- |o 12670 |t Trabajo: |x 10200037 | |
